000 00903nam a2200301 i 4500
003 EG-GICUC
005 20260225210054.0
008 260225s1978 fr ||||fr|||| 00| 0 fre d
040 _aEG-GiCUC
_bfre
_cEG-GiCUC
_dEG-GiCUC
_erda
082 0 4 _221
_a341.33
_bDU . H
092 0 4 _221
099 _aLaw1 11 341.33 DU . H 1978
100 1 _aDuroselle, J.-b
_eAuteur
245 1 0 _aHistoire Diplomatique De 1919 a Nos Jours /
_b
_cJ.-b. Duroselle.
250 _a7 Édition
264 1 _aParis :
_bDalloz,
_c1978.
300 _a935pages :
_billustrations,
_c24 cm
336 _2rda content
_atext
337 _2rda media
_aComputer
338 _2rda carrier
_aOnline Resource
504 _a
546 _aTexte en français
650 1 4 _aDroit international public
_2
651 1 _2
856 4 0 _uhttps://fll.law.cu.edu.eg/fulltext/bks/B11-08137.pdf
905 _a50
942 _2ddc
_cBK
_e21
_n0
999 _c64228
_d64228